| 000 | 00937nam a2200217 a 4500 | ||
|---|---|---|---|
| 001 | 000043963 | ||
| 005 | 20201002045052.0 | ||
| 008 | 140512s2004 sp 000 0 spa d | ||
| 020 | _a8484891380 | ||
| 040 |
_aDO-SdBNP _bspa _cBNPHU |
||
| 111 | 2 |
_aCongreso Internacional "Dos mundos, dos culturas: la huella peruana en la ciencia española" _d1999 _cLima _971909 |
|
| 240 | 1 | 0 | _aDos mundos, dos culturas |
| 245 | 1 | 0 |
_aDos mundos, dos culturas : _bo de la historia (natural y moral) entre España y el Perú / _cCongreso Internacional "Dos mundos, dos culturas: la huella peruana en la ciencia española" (Lima, diciembre 1999) ; Fermín del Pino Díaz (coordinador). |
| 260 |
_aMadrid, : _bIberoamericana, _c2004. |
||
| 300 |
_a334 ; _c23 cm. |
||
| 490 | 1 |
_aTeci _v11 |
|
| 500 | _aIncluye notas al pie de páginas | ||
| 504 | _aBibliografía p: 333-334 | ||
| 700 | 1 | 2 |
_aPino Díaz, Fermín del _ecoord. _941144 |
| 830 | 0 |
_aTeci _n11 _971910 |
|
| 999 |
_c43452 _d43452 |
||